000
00279nam a2200121Ia 4500
008
190216s9999||||xx |||||||||||||| ||und||
100
_a
Rijvan Yejaji
245
0
_a
Hindi-Safnese Saflatha Ki Our
260
_b
Parik Books
_c
2009
300
_a
184
650
_a
Hindi
942
_c
BK
999
_c
16881
_d
16881